000 00768nac a22002297a 4500
001 BR6400234
003 BR-BrBNA
005 20240105113256.0
008 230509b bl.|||m| |||| 00| 0 por d
040 _aBR-BrBNA
_bpor
_cBiblioteca Nacional de Agricultura
072 _aF70
090 _aF70 BR6400234
110 1 _aInstituto Paranaense de Botanica, Curitiba (Brasil)
_96557
245 1 _aEstudo sobre mais de 500 abreviaturas referentes a citacao de 5174 spp. da flora do Parana [Brasil]
260 3 _aCuritiba, PR (Brasil):
_c1964.
300 _a76 p.
490 _aFlora do Parana - Instituto Paranaense de Botanica (Brazil)
_vno. 32
_x
650 _aFLORA
650 _aPARANA
909 _a202312
_bLúcia Elande
_c55
_dLúcia Elande
942 _2AGRIS
_n0
_cMS
999 _c262835
_d262835